| 000 | 01233cam a2200205 4500 | ||
|---|---|---|---|
| 001 | WB3942-01 | ||
| 008 | 031105n2003 000 0 eng u | ||
| 035 | _a(Sirsi) u124235 | ||
| 245 | _aStrong performance by UK construction sector in October | ||
| 260 | _c2003 | ||
| 490 |
_aCIPS News Release _v4 November 2003 (3) |
||
| 520 | _aThe latest Chartered Institute of Purchasing and Supply's report on construction shows the UK construction sector expanding in October at the strongest rate for 27 months and for the 57th consecutive month. The headline seasonally-adjusted "Purchasing managers index" rose to 58.9 from 56.9 in September and all three broad areas of construction activity, housing, commercial and new orders, registered an acceleration in the rate of expansion of activity in October. UK construction firms remained strongly optimistic that activity levels would be higher in a year's time than at present. http://www.cips.org/downloads/News%20and%20events/Monthly%20reports/nov_con.pdf | ||
| 590 | _aWB | ||
| 650 | _aCONSTRUCTION SECTOR | ||
| 650 | _aNEW ORDERS | ||
| 650 | _aUK PURCHASING MANAGERS INDEX | ||
| 650 | _aCONSTRUCTION EMPLOYMENT | ||
| 690 | _aBUILDING AND CONSTRUCTION-ECONOMICS | ||
| 942 | _n0 | ||
| 999 |
_c73743 _d73743 |
||